| 000 | 00695nam a2200169Ia 4500 | ||
|---|---|---|---|
| 003 | LK-CoDNM | ||
| 008 | 010623t1979 xxu||||| |||| 00| 1 sin d | ||
| 040 |
_aLK-CoDNM _dLK-CoDNM _eLK-CoDNM |
||
| 041 | _asin | ||
| 080 |
_a(x)378 _bSRI |
||
| 245 | _aකලා-විශ්ව විද්යාල උපාධි පාඨමාලා සඳහා ඇතුළත්වීම පිළිබඳව අයදුමිකරුවන්ට උපදෙස් | ||
| 246 | _aKala : Vishva vidyaala upaadi paatamaala sandahaaathulviima pilibandava ayadumkaruvanta upades | ||
| 260 |
_bUniversity grants commission _aColombo _c1979 |
||
| 300 | _b26, 21.5 cm | ||
| 650 | _aEducation | ||
| 942 | _cBK | ||
| 999 |
_c110947 _d110947 |
||